Pensamiento americanista de Vicente Sáenz (Ensayo de Interpretación)

Guardado en:
書目詳細資料
主要作者: Zeledón Cambronero, Mario
格式: 圖書
語言:Spanish
出版: San José, Costa Rica Escuela de Filología, Lingüística y Literatura, Facultad de Letras, Universidad de Costa Rica 1976
主題:
標簽: 添加標簽
沒有標簽, 成為第一個標記此記錄!

MARC

LEADER 00000nam a2200000Ia 4500
008 170316s9999 xx 000 0 spa d
040 |a cru BVZT 
090 |a TESIS 176 
100 |a Zeledón Cambronero, Mario 
245 |a Pensamiento americanista de Vicente Sáenz (Ensayo de Interpretación)  |c Mario Zeledón Cambronero 
260 |a San José, Costa Rica 
260 |b Escuela de Filología, Lingüística y Literatura, Facultad de Letras, Universidad de Costa Rica 
260 |c 1976 
300 |a 556 páginas 
650 |a LICENCIATURA EN FILOLOGÍA ESPAÑOLA 
650 |a TRABAJO FINAL DE GRADUACIÓN 
942 |2 z  |c TF 
999 |c 29150  |d 29150